Кюхля; Рассказы

Detalles Bibliográficos
Autor principal: Тынянов Ю. Н. Юрий Николаевич
Otros Autores: Скобелев В. П. (автор предисловия)
Sumario:Исключено из фонда НТБ ТПУ
Lenguaje:ruso
Publicado: Воронеж, Изд-во Воронежского гос. ун-та, 1987
Formato: MixedMaterials Libro
KOHA link:https://koha.lib.tpu.ru/cgi-bin/koha/opac-detail.pl?biblionumber=151093

MARC

LEADER 00000nam0a2200000 4500
001 151093
005 20231101221533.0
020 |a RU  |b 87-12189 
035 |a (RuTPU)RU\TPU\book\163827 
090 |a 151093 
100 |a 20090119d1987 m y0rusy5003 ca 
101 0 |a rus 
102 |a RU 
105 |a c z 000ab 
200 1 |a Кюхля; Рассказы  |f Юрий Тынянов  |f Ю. Н. Тынянов  |g авт. предисл. В. П. Скобелев 
210 |a Воронеж  |c Изд-во Воронежского гос. ун-та  |d 1987 
215 |a 496 с.  |c портр. 
333 |a Исключено из фонда НТБ ТПУ 
700 1 |a Тынянов  |b Ю. Н.  |c русский писатель  |c литературовед  |f 1894-1943  |g Юрий Николаевич  |9 6661 
702 1 |a Скобелев  |b В. П.  |4 080 
801 0 |a RU  |b RuMRKP  |c 19950417  |g psbo 
801 1 |a RU  |b 63413507  |c 20090119  |g PSBO 
801 2 |a RU  |b 63413507  |c 20211028  |g PSBO 
942 |c BK